Công nghệ sinh học và hệ thống nông nghiệp sinh thái bền vững

Сохранить в:
Библиографические подробности
Главный автор: Nguyễn Văn Uyển
Формат:
Язык:Undetermined
Опубликовано: Tp. HCM Nông nghiệp 1997
Предметы:
Метки: Добавить метку
Нет меток, Требуется 1-ая метка записи!
Thư viện lưu trữ: Trung tâm Học liệu Trường Đại học Cần Thơ
LEADER 00675nam a2200193Ia 4500
001 CTU_20308
008 210402s9999 xx 000 0 und d
020 |b 12.000đ 
082 |a 630.257 
082 |b U527 
100 |a Nguyễn Văn Uyển 
245 0 |a Công nghệ sinh học và hệ thống nông nghiệp sinh thái bền vững 
245 0 |c Nguyễn Văn Uyển, Nguyễn Tiến Thắng 
260 |a Tp. HCM 
260 |b Nông nghiệp 
260 |c 1997 
650 |a agricultural biotechnology,agricultural ecology 
904 |i Nguyễn Quang Điền, 971130 
980 |a Trung tâm Học liệu Trường Đại học Cần Thơ